000 00323nam a22000977a 4500
999 _c7667
_d7667
005 20190225105039.0
008 190225b ||||| |||| 00| 0 eng d
245 _aSecond National Conference on Women in politics, Governance and leadership in Bhutan with Regional Dimension.
300 _a21 p.
_c29 cm.
942 _2ddc
_cPERIODICAL